| 000 | 01333cam a22003617a 4500 | ||
|---|---|---|---|
| 003 | CHAP | ||
| 005 | 20220817043956.0 | ||
| 008 | 041207d2002 it rn 00110 eng d | ||
| 010 | _a89169 | ||
| 011 | _a90141 | ||
| 020 | _a9251048061 | ||
| 035 | _a100697 | ||
| 040 | _cCHAP | ||
| 082 | 0 | 4 |
_a639.2 _bF46 v.683 |
| 110 | 0 | _aFAO. Comisión de Pesca para el Atlántico Centro-Occidental | |
| 245 | 1 | 0 |
_aReport of the meeting of the wecafc ad hoc working group on the development of sustainable moored fish aggregating device fishing in the lesser antillas (1o.) _c/by FAO. Comisión de Pesca para el Atlántico Centro-Occidental |
| 260 |
_aRome : _bFAO, _c2002 |
||
| 300 | _a23 p. | ||
| 490 | 0 |
_aFAO. Informe de pesca _v; 683 |
|
| 590 |
_aBATCH-UPD _b10 _c20130110 _lUCH01 _h1044 |
||
| 590 |
_aBATCH-UPD _b10 _c20130410 _lUCH01 _h0643 |
||
| 590 |
_aBATCH-UPD _b10 _c20130914 _lUCH01 _h0821 |
||
| 590 |
_aCONVERSION _b10 _c20130109 _lUCH01 _h1349 |
||
| 650 | 1 | 4 |
_aCambio internacional. _917785 |
| 650 | 1 | 4 |
_aPesca sostenible. _987440 |
| 650 | 1 | 4 |
_aPesca _xAntillas. _987358 |
| 650 | 1 | 4 |
_aPesca _zRegión Atlántico Occidental. _987427 |
| 830 | 0 |
_aFAO. Informe de pesca _v; 683 _939587 |
|
| 901 | _aBK | ||
| 905 | _aMarco A. Mendoza T. | ||
| 942 | _cLIBRO | ||
| 949 |
_a639.2 F46 v.683 _bBC _cFAO _d33724000927117 _eFAO1 _h104856 _i100697 _sb |
||
| 999 |
_c89169 _d89169 |
||